Normal view
MARC view
- الزهيري،سهاد عبد الجمال عبدالكريم
Entry Personal Name
001 - CONTROL NUMBER
- control field: 61812
003 - CONTROL NUMBER IDENTIFIER
- control field: JO-AjAnu
005 - DATE AND TIME OF LATEST TRANSACTION
- control field: 20230606084110.0
008 - FIXED-LENGTH DATA ELEMENTS
- fixed length control field: 230606|| aca||aabn | a|a d
040 ## - CATALOGING SOURCE
- Original cataloging agency: JO-AjAnu
- Transcribing agency: JO-AjAnu
100 ## - HEADING--PERSONAL NAME
- Personal name: الزهيري،سهاد عبد الجمال عبدالكريم
670 ## - SOURCE DATA FOUND
- Source citation: Work cat.: (JO-AjAnu)31527: الزهيري،سهاد عبد الجمال عبدالكريم, author, الجزاءات الدولية الذكية في القانون الدولي العام: (دراسة تحليلية تطبيقية)